Recognize the country by the dish - Statistics

General Stats
  • This quiz has been taken 25 times
  • The average score is 10 of 16
Answer Stats
Picture Answer % Correct
Italy
100%
Great Britain
96%
Japan
96%
Mexico
96%
United States
96%
United States
83%
Spain
79%
France
63%
Austria
54%
Spain
54%
Poland
50%
Greece
29%
Poland
29%
Hungary
17%
Denmark
13%
Türkiye
0%
No matching quizzes found
Score Distribution
Percent of People with Each Score
Percentile by Number Answered
Your Score History
You have not taken this quiz